Band Members by Instrument - Country / Bluegrass Edition - Statistics

General Stats
  • This quiz has been taken 93 times
  • The average score is 6 of 40
Answer Stats
Band or Group Instrument or Role Answer % Correct
Johnny Cash and the Tennessee Three (1960-1968) Vocals, Rhythm Guitar Johnny Cash
92%
The Blue Grass Boys (1946-1947) Vocals, Mandolin Bill Monroe
39%
The Blue Grass Boys (1946-1947) Banjo Earl Scruggs
34%
*The Carter Family (1927-1939) Harmony Vocals, Lead Guitar Maybelle Carter
33%
Union Station (1998-present) Vocals, Fiddle Alison Krauss
30%
The Blue Grass Boys (1946-1947) Guitar Lester Flatt
28%
*The Carter Family (1927-1939) Harmony Vocals A.P. Carter
21%
Union Station (1998-present) Resonator Guitar Jerry Douglas
21%
Union Station (1998-present) Guitar, Mandolin Dan Tyminski
18%
Lady Antebellum (2006-present) Vocals Hillary Scott
18%
*The Carter Family (1927-1939) Lead Vocals, Rhythm Guitar Sara Carter
18%
Union Station (1998-present) Guitar, Banjo Ron Block
16%
Alabama (1979-2004) Vocals, Rhythm Guitar Randy Owen
15%
Union Station (1998-present) Bass Barry Bales
13%
Alabama (1979-2004) Lead Guitar Jeff Cook
11%
The Statler Brothers (1955-2002) Tenor Vocals Lew DeWitt / Jimmy Fortune
11%
Lady Antebellum (2006-present) Vocals Charles Kelley
10%
The Oak Ridge Boys (1980-1983) Lead Vocals Duane Allen
10%
The Statler Brothers (1955-2002) Bass Vocals Harold Reid
10%
The Oak Ridge Boys (1980-1983) Tenor Vocals Joe Bonsall
10%
Johnny Cash and the Tennessee Three (1960-1968) Lead Guitar Luther Perkins
10%
The Oak Ridge Boys (1980-1983) Bass Vocals Richard Sterban
10%
Sons of the Pioneers (1933-1943) Vocals, Rhythm Guitar (1933-1937) Roy Rogers
10%
The Oak Ridge Boys (1980-1983) Baritone Vocals William Lee Golden
10%
The Statler Brothers (1955-2002) Lead Vocals Joe McDorman / Don Reid
8%
Alabama (1979-2004) Drums Mark Herndon
7%
Johnny Cash and the Tennessee Three (1960-1968) Bass Marshall Grant
7%
Alabama (1979-2004) Bass Teddy Gentry
7%
The Blue Grass Boys (1946-1947) Fiddle Chubby Wise
5%
Johnny Cash and the Tennessee Three (1960-1968) Drums W.S. "Fluke" Holland
5%
Sons of the Pioneers (1933-1943) Vocals, Bass Bob Nolan
3%
Lady Antebellum (2006-present) Guitar, Mandolin Dave Haywood
3%
Sons of the Pioneers (1933-1943) Vocals, Fiddle (1934-1943) Hugh Farr
3%
Sons of the Pioneers (1933-1943) Lead Guitar (1935-1943) Karl Farr
3%
Union Station (1998-present) Drums Larry Atamanuik
3%
Sons of the Pioneers (1933-1943) Vocals, Rhythm Guitar (1936-1943) Lloyd Perryman
3%
Sons of the Pioneers (1933-1943) Bass Pat Brady
3%
The Statler Brothers (1955-2002) Baritone Vocals Phil Balsley
3%
Sons of the Pioneers (1933-1943) Vocals (1933-1936; 1938-1943) Tim Spencer
3%
The Blue Grass Boys (1946-1947) Bass Cedric Rainwater
2%
No matching quizzes found
Score Distribution
Percent of People with Each Score
Percentile by Number Answered
Your Score History
You have not taken this quiz